Movie by Protagonist & Antagonist Quiz Stats

Quiz Updated Apr 10, 2014

Challenge
Share
Tweet
Embed
Score 0/24 Timer 06:00
0 Plays Today
Good Guy/Bad Guy Film % Correct
AnimatedThe Lion King
98.2%
AnimatedThe Little Mermaid
95.2%
AnimatedCars
81.3%
FantasyThe Chronicles of Narnia: The Lion, the Witch and the Wardrobe
59.6%
DramaTitanic
50.7%
Children'sTreasure Island
49.5%
FantasyThe Princess Bride
48.5%
Children'sHoles
44.5%
Children'sA Christmas Story
40.7%
Action/AdventureAvatar
40.4%
Children'sThe Goonies
35.8%
DramaA Few Good Men
33.4%
Good Guy/Bad Guy Film % Correct
FantasyEnchanted
27.7%
DramaMutiny on the Bounty
20.6%
AnimatedShark Tale
14.5%
DramaCasino
13.8%
Action/AdventureA Knight's Tale
13.7%
FantasyWillow
10.3%
ComedyWeird Science
8.6%
ComedyThere's Something About Mary
7.8%
Action/AdventureRoboCop
6.4%
Action/AdventureThe Running Man
5.9%
ComedySummer School
4%
ComedyThe Secret of My Succe$s
3.9%

You're not logged in!

Compare scores with friends on all Sporcle quizzes.
Sign Up with Email
OR
Log In

You Might Also Like...

Show Comments

Extras

Top Quizzes Today


Score Distribution

Your Account Isn't Verified!

In order to create a playlist on Sporcle, you need to verify the email address you used during registration. Go to your Sporcle Settings to finish the process.